La Collection Disney Pixar en France - Statistiques

Statistiques générales
  • Ce quiz a été pris 563 fois
  • Le résultat moyen est 56 sur 117
Statistiques - réponses
Sortie USA Sortie France Titre du film % Correct
42 1995 1996 Toy Story
83%
14 1950 1950 Cendrillon
80%
53 1999 2000 Toy story 2
78%
100 2010 2010 Toy story 3
76%
86 2006 2006 Cars - Quatre roues
74%
36 1991 1992 La belle et la bête
74%
33 1989 1990 La petite sirène
72%
38 1994 1994 Le roi lion
72%
18 1959 1959 La belle au bois dormant
71%
101 2010 2010 Raiponce
71%
37 1992 1993 Aladdin
70%
5 1942 1947 Bambi
70%
103 2011 2011 Cars 2
70%
109 2013 2013 La reine des neiges
70%
48 1998 1998 Mulan
70%
1 1937 1938 Blanche-Neige et les sept nains
69%
4 1941 1947 Dumbo
69%
3 1940 1946 Fantasia
69%
2 1940 1946 Pinocchio
68%
16 1953 1953 Peter Pan
66%
41 1995 1995 Pocahontas, une légende indienne
66%
17 1955 1955 La belle et le clochard
65%
104 2012 2012 Rebelle
65%
72 2003 2003 Le monde de Nemo
64%
49 1998 1999 Le roi lion II - L'honneur de la tribu
64%
19 1961 1961 Les 101 dalmatiens
63%
71 2004 2004 Le roi lion 3 - Hakuna Matata
62%
56 2000 2000 La petite sirène 2 - Retour à l'océan
61%
23 1970 1971 Les aristochats
61%
98 2009 2010 La princesse et la grenouille
60%
22 1967 1968 Le livre de la jungle
60%
117 2016 2016 Le monde de Dory
60%
78 2004 2004 Les indestructibles
60%
77 2004 2004 Mulan 2 - La mission de l'Empereur
60%
52 1999 1999 Tarzan
58%
63 2002 2002 Cendrillon 2 - Une vie de princesse
57%
45 1997 1997 Hercule
56%
47 1997 1998 La belle et la bête 2 - Le Noël enchanté
56%
97 2009 2009 Là-haut
56%
26 1977 1977 Les aventures de Bernard et Bianca
56%
15 1951 1951 Alice au pays des merveilles
54%
54 1999 2000 Fantasia 2000
54%
29 1981 1981 Rox et Rouky
54%
114 2015 2015 Vice-versa
54%
28 1977 1979 Les aventures de Winnie l'ourson
53%
64 2001 2002 Monstres & cie
53%
50 1998 1999 Pocahontas II - Un monde nouveau
53%
94 2008 2008 WALL.E
53%
84 2006 2006 Bambi 2
51%
65 2002 2002 Lilo & Stitch
51%
20 1963 1964 Merlin l'enchanteur
51%
90 2007 2007 Ratatouille
51%
102 2011 2011 Winnie l'ourson
51%
43 1996 1996 Le bossu de Notre-Dame
50%
66 2002 2002 Peter Pan 2 - Retour au Pays Imaginaire
50%
25 1973 1974 Robin des Bois
50%
108 2013 2013 Planes
49%
116 2016 2016 Zootopie
49%
60 2000 2001 Kuzco, l'empereur mégalo
48%
93 2008 2008 La fée Clochette
48%
106 2012 2012 Les mondes de Ralph
48%
88 2007 2007 Le sortilège de Cendrillon
48%
51 1998 1999 1001 pattes - A Bug's Life
47%
80 2005 2005 Tarzan 2 - L'enfance d'un héros
47%
67 2002 2002 101 dalmatiens 2 - Sur la trace des héros
46%
69 2003 2003 Le livre de la jungle 2
46%
95 2008 2009 Volt, star malgré lui
45%
59 2001 2001 La belle et le clochard 2 - L'appel de la rue
44%
21 1964 1965 Mary Poppins
44%
30 1985 1985 Taram et le chaudron magique
44%
61 2001 2001 Atlantide, l'empire perdu
43%
73 2003 2004 Frère des ours
43%
39 1994 1995 Le retour de Jafar
43%
32 1988 1989 Oliver et compagnie
43%
81 2005 2005 Lilo & Stitch 2 - Hawaii, nous avons un problème !
42%
107 2013 2013 Monstres Academy
42%
111 2014 2014 Planes 2
41%
112 2014 2015 Les nouveaux héros
40%
76 2004 2004 La ferme se rebelle
39%
89 2006 2007 Rox et Rouky 2
39%
68 2002 2002 La planète au trésor - Un nouvel univers
38%
62 2002 2002 Le bossu de Notre-Dame 2 - Le secret de Quasimodo
38%
7 1944 1948 Les trois caballeros
37%
83 2005 2005 Kuzco 2 - King Kronk
36%
115 2015 2015 Le voyage d'Arlo
35%
9 1946 1949 Mélodie du Sud
35%
31 1986 1986 Basil, détective privé
34%
82 2005 2005 Chicken Little
34%
58 2000 2000 Dinosaure
33%
87 2006 2006 Frère des ours 2
33%
35 1990 1991 Bernard et Bianca au pays des kangourous
32%
40 1995 1996 Dingo et Max
32%
57 2000 2000 Les aventures de Tigrou
32%
70 2003 2003 Les aventures de Porcinet
31%
44 1996 1996 Aladdin et le roi des voleurs
30%
91 2007 2007 Bienvenue chez les Robinson
30%
10 1947 1950 Coquin de printemps
29%
11 1948 1951 Mélodie cocktail
29%
13 1949 2003 Le crapaud et le maître d'école
28%
92 2008 2008 Le secret de la petite sirène
28%
6 1942 1947 Saludos amigos
27%
96 2009 2009 Clochette et la pierre de lune
26%
55 2000 2000 Dingo et Max 2 - Les sportifs de l'extrême
26%
8 1946 1949 La boite à musique
26%
110 2014 2014 Clochette et la fée pirate
25%
27 1977 1978 Peter et Elliott le dragon
24%
46 1997 1998 Winnie l'ourson 2 - Le grand voyage
24%
12 1949 1998 Danny, le petit mouton noir
23%
34 1990 1991 La bande à Picsou, le film - Le trésor de la lampe perdue
23%
74 2004 2004 Les aventures de Petit Gourou
23%
105 2012 2012 Clochette et le secret des fées
21%
113 2014 2015 Clochette et la créature légendaire
20%
99 2010 2010 Clochette et l'expédition féerique
20%
75 2004 2004 Mickey, Donald, Dingo : Les trois mousquetaires
20%
85 2006 2006 The wild
18%
79 2005 2005 Winnie l'ourson et l'éfélant
18%
24 1971 1972 L'apprentie sorcière
16%
Aucun quiz correspondant
Distribution des résultats
% des personnes avec chaque résultat
Percentile par nombre de réponses
Votre historique - résultats
Vous n’avez pas pris ce quiz